000
00274nam a22001097a 4500
008
231031b |||||||| |||| 00| 0 eng d
100
_a
Mepherson, Thomus
_9
6133
245
_a
Political Obligation
260
_a
New york;
_b
Routledge Pub.;
_c
1967;
300
_a
86p
942
_c
BK
999
_c
40329
_d
40329